000 00671nam a2200241Ia 4500
003 OSt
005 20220918222307.0
006 a|||||r|||| 00| 0
007 ta
008 220917b |||||||| |||| 00| 0 eng d
024 _a216,361
037 _cTextual
040 _aARTS
_cARTS
_beng
041 _2eng
_aeng
082 _aG:5xN13, P0
100 _aGuha Ramachandra Ed.
_913919
245 0 _aNature's spokesman
_b M. Krishnan and Indian wildlife
260 _aNew Delhi
_bOxford university press
_c2000
300 _aix, 291p
_ccm.
650 _aBIOLOGY
_97
942 _hG:5xN13, P0
_cTEXL
_2CC
999 _c275102
_d275102